Arsenal Women 25/26 Squad - Shirt Numbers - Statistics

General Stats
  • This quiz has been taken 92 times
  • The average score is 18 of 23
Answer Stats
Hint Answer % Correct
1 Manuela Zinsberger
100%
6 Leah Williamson
97%
23 Alessia Russo
95%
2 Emily Fox
92%
11 Katie McCabe
90%
32 Kyra Cooney-Cross
90%
10 Kim Little
88%
3 Lotte Wubben-Moy
88%
7 Steph Catley
88%
9 Beth Mead
86%
19 Caitlin Foord
81%
18 Chloe Kelly
78%
5 Laia Codina
78%
21 Victoria Pelova
75%
8 Mariona Caldentey
73%
12 Frida Maanum
68%
25 Stina Blackstenius
68%
15 Olivia Smith
66%
26 Katie Reid
64%
14 Daphne van Domselaar
63%
24 Taylor Hinds
56%
22 Jenna Nighswonger
49%
28 Anneke Borbe
47%
No matching quizzes found
Score Distribution
Percent of People with Each Score
Percentile by Number Answered
Your Score History
You have not taken this quiz